Hospodářský archiv s přílohou Bilance akc. společnosti

Guardado en:
Detalles Bibliográficos
Formato: Seriadas
Lenguaje:checo
Publicado: Praha Bedřich Hlaváč 1930
Etiquetas: Agregar Etiqueta
Sin Etiquetas, Sea el primero en etiquetar este registro!

MARC

LEADER 00000nas2a2200000$$$4500
001 0015600
005 20250730114337.0
041 0 |a cze 
044 |a CZ 
245 1 0 |a Hospodářský archiv s přílohou Bilance akc. společnosti 
264 1 |a Praha  |b Bedřich Hlaváč  |c 1930 
300 |a 1 zv. 
773 0 |w eu_un_cat*0015587